Estudio de materiales
Saved in:
| Hovedforfatter: | |
|---|---|
| Format: | Bog |
| Sprog: | spansk |
| Udgivet: |
Madrid
Patronato Juan de la Cierva de Investigación Científica
1963
|
| Udgivelse: | 3a. ed |
| Fag: | |
| Tags: |
Tilføj Tag
Ingen Tags, Vær først til at tagge denne postø!
|
MARC
| LEADER | 00000nam a2200000 a 4500 | ||
|---|---|---|---|
| 001 | UCV8783 | ||
| 003 | CL-VaPUC | ||
| 008 | 911206e19630000SP |||||||||||||||||spa|d | ||
| 082 | 0 | 4 | |a 691.6 |b ARR |2 21 |
| 100 | 0 | |a Arredondo, F |e author |9 302798 | |
| 245 | 1 | 0 | |a Estudio de materiales |
| 250 | |a 3a. ed | ||
| 300 | |a v | ||
| 942 | |c BK | ||
| 945 | |d 19911206 00:00:00 | ||
| 260 | |a Madrid |b Patronato Juan de la Cierva de Investigación Científica |c 1963 | ||
| 500 | |a v.6: Cerámica y vidrio | ||
| 650 | 0 | |a Materiales de construcción |9 260197 | |
| 583 | |a last modification |c 19911206 00:00:00 |k Rodrigo Vera | ||
| 999 | |c 214240 |d 214238 | ||
| 952 | |0 0 |1 0 |4 0 |6 691_600000000000000_ARR_1963 |7 0 |8 P |9 197422 |a BIBARQ |b BIBARQ |d 2019-11-14 |h v.6 |i 2650843 |l 1 |o 691.6 ARR 1963 |p 2650843 |r 2025-01-20 |s 2023-06-05 |w 2019-11-14 |y BK |k ARQ | ||